00594nam a2200133 a 450000100100000000500170001000800410002704000250006824501450009326000540023830000280029250400740032071000660039400004206620201002035922.0131112s1992 cr 000 0 spa d aDO-SdBNPbspacBNPHU00aCompilación de instrumentos jurídicos interamericanos relativos al asilo diplomático, asilo territorial, extradición y temas anexos. aSan José, Costa Rica :bNaciones Unidas,c1992. a245 p. :bil. ;c25 cm. aIncluye referencias bibliográficas y notas al pie de las págianas2 aAlto Comisionado de las Naciones Unidadas para los Refugiados